00719 2200277 4500001002100000005001700021008004100038035002400079082000800103090001300111245004300124260004100167300002900208650002000237850001500257990001500272990001500287990001500302990001500317990002000332990001700352990001800369990001800387990001800405990001800423YOGYA-0209000007119620090227093525.0 ind  0010-020900000071196 a610 a610bBuk aBUKU kuliah ilmu kesehatan anakjilid 2 aJkartabFakultas Kedokteran UIc1985 axi, 938 hlmbilusc24 cm aIlmu Kedokteran aYOPDYOG(B) a08A0035388 a08A0035387 a08A0035386 a08A0035385 a2884-PD/B.04b1 a2884-PD/B.04 a35385-PD/A.08 a35386-PD/A.08 a35387-PD/A.08 a35388-PD/A.08